| 000 | 00425nam a2200169 a 4500 | ||
|---|---|---|---|
| 005 | 20140310183147.0 | ||
| 008 | 020826s19uu xx 00 eng d | ||
| 020 | _a0450608484 | ||
| 050 |
_aPZ 7 _b.K52 1995 |
||
| 100 | _aKing, Stephen | ||
| 245 |
_aInsomia / _cStephen King. |
||
| 260 |
_aLondon ; _bNew English Library, _c1995. |
||
| 300 |
_a760 p. : _c20 cm. |
||
| 650 | _aFiction | ||
| 942 |
_cBK _2lcc |
||
| 999 |
_c19563 _d19563 |
||